000 00322nam a22001457a 4500
008 210308b ||||| |||| 00| 0 eng d
020 _a9780521445542
041 _aeng
080 _a311
082 _a311
100 _a55
101 _aSTA
245 _aStatiscs Concepts and Applications
_cFrank, H
942 _2udc
_cBK
999 _c55912
_d55912